Es-tu bobo ? - Statistiques

Statistiques générales
  • Ce quiz a été pris 2 154 fois
  • Le résultat moyen est 10 sur 29
Statistiques - réponses
Question Réponse % Correct
T'aimes pique-niquer ? Oui
79%
Tu vas boire des cafés/thés/chocolats chauds dans des cafés ? Oui
67%
Tu utilises un tote bag ? Oui
63%
T'as tes quartiers préférés de Paris ? Oui
54%
T'achètes en fripes ? Oui
51%
Tu fais parfois des courses à Biocoop, Bio c'Bon, Naturalia ou La Vie Claire ? Oui
51%
Enfant, à la télé tu voyais souvent Le Grand Journal ou Arte ? Oui
49%
Tu as un hobby genre peinture, tricot, photographie argentique ou couture ? Oui
46%
Tu as un Macbook ou un iPad ? Oui
45%
Tu es végétarien.ne ou flexitarien.ne ? Oui
42%
T'es CSP+ ? Oui
40%
Tu vas au moins une fois par mois au théâtre/musée/opéra ? Oui
38%
Tes parents t'emmenaient hors de ton continent d'origine en vacances petit.e ? Oui
37%
Tu as déjà dit la phrase "C'est ceux qui ont le moins qui donnent le plus" ? Oui
35%
Tu portes une chemise en dessous de ton pull ? Oui
33%
T'achètes en fripes "vintage" ? Oui
29%
T'as déjà fait parti d'une asso "écolo" ou humanitaire ? Oui
29%
Tu rentres de soirée en Uber, Heetch, ... ? Oui
28%
Tu bois même des matchas ? Oui
26%
Tu fais du vélo en chemise ? Oui
23%
Ton fast food, c'est pas MacDo, c'est Big Fernand (ou un truc similaire) ? Oui
22%
Tu achètes des chaussures Veja ou des pulls Patagonia ? Oui
18%
Tu connais plusieurs cafés de la carte de Starbucks ? Oui
17%
Tu as voté Benoit Hamon en 2017 ? Oui
15%
Tu habites Paris centre ou le 11e ? Oui
13%
T'es abonné sur insta à Raphaël Gluckmann ? Oui
12%
Tu tricotes/couds et tu portes pas ce que tu fais ? Oui
11%
Tu bosses au starbucks de temps en temps (pas en tant que barista) ? Oui
7%
Tu as voté Hidalgo en 2022 ????? Oui
7%
Aucun quiz correspondant
Distribution des résultats
% des personnes avec chaque résultat
Percentile par nombre de réponses
Votre historique - résultats
Vous n’avez pas pris ce quiz